000 00812nam a22002177a 4500
005 20140916104850.0
010 _aENG-110856
020 _a9788175417267
_c170.00
035 _aEN-94388
037 _bDBAD/PUB
082 _a371.334
245 _aInformation & communication technology (ICT) in education :
_cedited by Sitansu S. Jena, Kuldeep Agarwal [and] Sukanta K. Mahapatra
_bperspectives on open distance learning /
260 _aNew Delhi
_bShipra Publications
_c2014
270 _aLG-18-19, Pankaj Central Market, Patparganj
_bNew Delhi
_e110092
300 _ax,182p. :
_c22cm(pbk)
_bill.
500 _aIncludes bibliographical references and index
700 _aJena, Sitansu S.
700 _aAgarwal, Kuldeep
700 _aMahapatra, Sukanta K.
942 _2ddc
_cEN
_mINT
_h371.334
999 _c88630
_d88630